000 00269nam a2200097Ia 4500
008 230508s2004 xx 000 0 und d
041 _aeng
100 _aSTEVENS W. RICHARD
245 _aADVANCED PROGRAMMING IN THE UNIX ENVIRENMENT
260 _bPEARSON EDUCATION IN
_c2004
999 _c714986
_d714986